| 000 | 00551nam a2200169Ia 4500 | ||
|---|---|---|---|
| 008 | 090711s9999 xx 000 0 und d | ||
| 082 | _b56265 | ||
| 100 | _aगाला ध. रा. | ||
| 245 | _aरसाहार करा निरोगी राहा | ||
| 260 | _c1987 | ||
| 300 | _a175 | ||
| 600 | _aगाला ध. रा. | ||
| 630 | _aरसाहार करा निरोगी राहा | ||
| 700 | _aगाला ध. रा. | ||
| 730 | _aरसाहार करा निरोगी राहा | ||
| 942 | _cBOOK | ||
| 999 |
_c312458 _d312458 |
||